[Event "GER-ch U16 Girls"]
[Site "Oberhof"]
[Date "2013.05.19"]
[Round "1"]
[White "Rosmait, Emily"]
[Black "Gazizova, Alina"]
[Result "1-0"]
[WhiteElo "1754"]
[BlackElo "1074"]
[PlyCount "53"]
[EventDate "2013.05.19"]
[EventType "swiss"]
[EventRounds "9"]
[EventCountry "GER"]
[SourceTitle "CBM 154 Extra"]
[Source "ChessBase"]
[SourceDate "2013.06.25"]
[SourceVersion "2"]
[SourceVersionDate "2013.06.25"]
[SourceQuality "1"]

1. e4 c5 2. Nf3 d6 3. Bb5+ Bd7 4. Bxd7+ Nxd7 5. 0-0 Ngf6 6. Re1 e6 7. d4 cxd4 8. Nxd4 Be7 9. c4 Nb6 10. b3 0-0 11. Nc3 a6 12. Bb2 Re8 13. Qd3 Rc8 14. Rad1 Qc7 15. Kh1 d5 16. cxd5 exd5 17. e5 Ng4 18. Qg3 Nh6 19. f4 Rf8 20. f5 Bb4 21. Re3 Rfe8 22. f6 g6 23. Qg5 Bf8 24. Rde1 Qc5 25. Qf4 Qc7 26. Rh3 Qd7 27. Rxh6 1-0

[Event "GER-ch U25 op-B"]
[Site "Oberhof"]
[Date "2012.06.01"]
[Round "8"]
[White "Vuckovic, Robert"]
[Black "Gazizova, Alina"]
[Result "0-1"]
[WhiteElo "1081"]
[BlackElo "767"]
[PlyCount "108"]
[EventDate "2012.05.27"]
[EventType "swiss"]
[EventRounds "9"]
[EventCountry "GER"]
[SourceTitle "CBM 148 Extra"]
[Source "ChessBase"]
[SourceDate "2012.06.22"]
[SourceVersion "1"]
[SourceVersionDate "2012.06.22"]
[SourceQuality "1"]

1. e4 c5 2. Nc3 Nc6 3. f4 g6 4. Bc4 Bg7 5. Nf3 e6 6. d3 Nge7 7. 0-0 a6 8. a4 b6 9. Qe1 0-0 10. Qh4 Bb7 11. Ng5 h6 12. Nf3 Nb4 13. Rf2 d5 14. Bb3 d4 15. Ne2 Re8 16. c3 dxc3 17. bxc3 Nxd3 18. Rf1 Bxe4 19. Rd1 Nf5 20. Qg4 b5 21. Ba3 Qc7 22. Bc2 Ne3 23. Qg3 Nxd1 24. Rxd1 Rad8 25. f5 Qxg3 26. Nxg3 exf5 27. Ne1 Nxe1 28. Rxd8 Rxd8 29. Bxe4 fxe4 30. Nxe4 Nd3 31. axb5 axb5 32. Kf1 Re8 33. Ke2 Nf4+ 34. Kf3 Nd3 35. Ke2 Rxe4+ 36. Kxd3 Rc4 37. Bb2 f5 38. h3 g5 39. g3 g4 40. h4 Be5 41. Ke2 Bxg3 42. h5 Be5 43. Kf2 Bxc3 44. Ba3 b4 45. Bxb4 cxb4 46. Kg3 b3 47. Kh4 b2 48. Kg3 b1Q 49. Kh4 Qh1+ 50. Kg3 Qh3+ 51. Kf2 Be5 52. Ke2 Rc2+ 53. Kd1 Rg2 54. Ke1 Qh1# 0-1

[Event "GER-ch U25 op-B"]
[Site "Oberhof"]
[Date "2012.05.31"]
[Round "7"]
[White "Gazizova, Alina"]
[Black "Lohrmann, Linus"]
[Result "1-0"]
[WhiteElo "767"]
[BlackElo "824"]
[PlyCount "97"]
[EventDate "2012.05.27"]
[EventType "swiss"]
[EventRounds "9"]
[EventCountry "GER"]
[SourceTitle "CBM 148 Extra"]
[Source "ChessBase"]
[SourceDate "2012.06.22"]
[SourceVersion "1"]
[SourceVersionDate "2012.06.22"]
[SourceQuality "1"]

1. e4 e5 2. d4 Nc6 3. d5 Nb4 4. c3 Na6 5. Bxa6 bxa6 6. Nf3 d6 7. 0-0 Bg4 8. Nbd2 Nf6 9. c4 Rb8 10. b3 c5 11. h3 Bxf3 12. Qxf3 Be7 13. Qg3 Qd7 14. Qxg7 Rg8 15. Qh6 Bd8 16. Qe3 Ba5 17. Bb2 Bb6 18. Rad1 Ba5 19. Kh1 Ra8 20. f4 exf4 21. Rxf4 Bxd2 22. Rxd2 Nh5 23. Rf3 Rg6 24. e5 Qe7 25. exd6 Qxe3 26. Rxe3+ Kd7 27. Rf2 Ng3+ 28. Kg1 Rf8 29. Kh2 Nh5 30. g4 Ng7 31. Bxg7 Rxg7 32. Re7+ Kxd6 33. Rxa7 Rg5 34. Rxa6+ Kc7 35. Rc6+ Kd7 36. Rxc5 Kd6 37. Rb5 Rg6 38. Rb6+ Kc7 39. Rxg6 hxg6 40. a4 f6 41. Kg3 Rb8 42. Rxf6 Rxb3+ 43. Kh4 Ra3 44. Rxg6 Rxa4 45. Rc6+ Kb7 46. c5 Rd4 47. Rb6+ Kc7 48. d6+ Kd7 49. Kh5 1-0

[Event "GER-ch U25 op-B"]
[Site "Oberhof"]
[Date "2012.05.30"]
[Round "6"]
[White "Hacklinger, Leon"]
[Black "Gazizova, Alina"]
[Result "1-0"]
[WhiteElo "877"]
[BlackElo "767"]
[PlyCount "67"]
[EventDate "2012.05.27"]
[EventType "swiss"]
[EventRounds "9"]
[EventCountry "GER"]
[SourceTitle "CBM 148 Extra"]
[Source "ChessBase"]
[SourceDate "2012.06.22"]
[SourceVersion "1"]
[SourceVersionDate "2012.06.22"]
[SourceQuality "1"]

1. e4 c5 2. Nf3 d6 3. Nc3 Nf6 4. Bc4 Nc6 5. d4 cxd4 6. Nxd4 a6 7. Nxc6 bxc6 8. Bf4 e5 9. Bg5 Be7 10. 0-0 0-0 11. Re1 Rb8 12. b3 Rb4 13. Qd3 Rb6 14. Na4 Rb8 15. Bxa6 h6 16. Bh4 Bxa6 17. Qxa6 Rc8 18. Bxf6 Bxf6 19. Rad1 Ra8 20. Qxc6 Be7 21. Nc5 Rc8 22. Qa6 Rxc5 23. Re3 Rxc2 24. Rg3 Qc7 25. h3 Bh4 26. Rg4 Bxf2+ 27. Kh2 Qc8 28. Qxd6 f6 29. Rd5 Rd8 30. Qe7 Rc7 31. Rxd8+ Qxd8 32. Qxd8+ Kh7 33. Qxc7 Kh8 34. Qxg7# 1-0

[Event "GER-ch U25 op-B"]
[Site "Oberhof"]
[Date "2012.05.27"]
[Round "1"]
[White "Gazizova, Alina"]
[Black "Thumm, Niklas"]
[Result "0-1"]
[WhiteElo "767"]
[BlackElo "1183"]
[PlyCount "148"]
[EventDate "2012.05.27"]
[EventType "swiss"]
[EventRounds "9"]
[EventCountry "GER"]
[SourceTitle "CBM 148 Extra"]
[Source "ChessBase"]
[SourceDate "2012.06.22"]
[SourceVersion "1"]
[SourceVersionDate "2012.06.22"]
[SourceQuality "1"]

1. e4 e5 2. Nf3 Nc6 3. d4 d6 4. dxe5 dxe5 5. Qxd8+ Nxd8 6. Nxe5 Nf6 7. Nc3 Bb4 8. Bg5 Nxe4 9. Bd2 Nxd2 10. Kxd2 0-0 11. Rd1 Ne6 12. Nd3 Rd8 13. Kc1 Bxc3 14. bxc3 Ng5 15. Nf4 Rxd1+ 16. Kxd1 Ne4 17. Rg1 Nxc3+ 18. Kd2 Nxa2 19. Bc4 Nb4 20. Re1 Bf5 21. Nd3 Nxd3 22. cxd3 a5 23. Re7 Be6 24. Rxc7 Bxc4 25. Rxc4 a4 26. Kc1 a3 27. Kb1 g6 28. Ka2 b5 29. Rb4 Ra5 30. d4 Kg7 31. f4 Kf6 32. g4 h5 33. h3 h4 34. d5 Ke7 35. f5 g5 36. Rd4 Kd6 37. f6 Ra4 38. Rxa4 bxa4 39. Kxa3 Kxd5 40. Kxa4 Ke6 41. Kb5 Kxf6 42. Kc4 Ke5 43. Kd3 f5 44. Ke2 fxg4 45. hxg4 Kf4 46. Kf2 Kxg4 47. Kg2 h3+ 48. Kh2 Kh4 49. Kh1 Kg3 50. Kg1 h2+ 51. Kh1 Kf2 52. Kxh2 g4 53. Kh1 Kg3 54. Kg1 Kh3 55. Kh1 g3 56. Kg1 g2 57. Kf2 Kh2 58. Kf3 g1Q 59. Ke4 Qf2 60. Kd5 Qe3 61. Kc4 Qd2 62. Kc5 Qd3 63. Kc6 Qd4 64. Kc7 Qd5 65. Kc8 Qd6 66. Kb7 Qc5 67. Ka6 Qb4 68. Ka7 Qb5 69. Ka8 Kg3 70. Ka7 Kf4 71. Ka8 Ke5 72. Ka7 Kd6 73. Ka8 Kc7 74. Ka7 Qa4# 0-1